Catálogo
 En Linea

Instituciones políticas / (Registro nro. 42442)

Detalles MARC
000 -CABECERA
campo de control de longitud fija 01751nam a2200265 a 4500
001 - NÚMERO DE CONTROL
campo de control 000042953
005 - FECHA Y HORA DE LA ÚLTIMA TRANSACCIÓN
campo de control 20240530073936.0
008 - DATOS DE LONGITUD FIJA--INFORMACIÓN GENERAL
campo de control de longitud fija 140213s1996 dr 000 0 spa d
020 ## - NÚMERO INTERNACIONAL ESTÁNDAR DEL LIBRO
Número Internacional Estándar del Libro 8484001830
040 ## - FUENTE DE LA CATALOGACIÓN
Centro catalogador/agencia de origen DO-SdBNP
Lengua de catalogación spa
Centro/agencia transcriptor BNPHU
082 ## - NÚMERO DE LA CLASIFICACIÓN DECIMAL DEWEY
Número de clasificación 972.93
Número de documento/Ítem P349i
049 ## - FONDOS LOCALES (OCLC)
Fondos de biblioteca BNPD
100 1# - ENTRADA PRINCIPAL--NOMBRE DE PERSONA
Nombre de persona Peña Batlle, Manuel Arturo,
Fechas asociadas al nombre 1902-1952
9 (RLIN) 8406
245 10 - MENCIÓN DE TÍTULO
Título Instituciones políticas /
Mención de responsabilidad, etc. Manuel Arturo Peña Batlle.
260 ## - PUBLICACIÓN, DISTRIBUCIÓN, ETC.
Lugar de publicación, distribución, etc. Santo Domingo :
Nombre del editor, distribuidor, etc. Fundación Peña Batlle,
Fecha de publicación, distribución, etc. 1996.
300 ## - DESCRIPCIÓN FÍSICA
Extensión 310 p. ;
Dimensiones 24 cm.
490 1# - MENCIÓN DE SERIE
Mención de serie Obras III
504 ## - NOTA DE BIBLIOGRAFÍA, ETC.
Nota de bibliografía, etc. Incluye bibliografía y notas al pie de páginas.
505 0# - NOTA DE CONTENIDO CON FORMATO
Información miscelánea Presentación --
Título Nuestros grandes escritores, Amelia Francasci --
-- Los precursores españoles del derecho de gentes moderno --
-- Influencia de Machiavelo en las ideas políticas del siglo XVI --
-- El problema del derecho --
-- Fray Francisco de Vitoria --
-- La Misión Mella a España en 1854 --
-- Presentación del Lic. Manuel A. Amiama en "Acción cultural" --
-- Notas bibliográficas dominicanas --
-- Sobre economía social americana --
-- Fray Cipriano de Utrera --
-- La codificación del derecho internacional en América --
-- Transformaciones del pensamiento político
-- Problemas municipales --
-- Matrimonio y divorcio en Santo Domingo --
-- Sincretismo y superficialidad --
-- Cuestionario de Peña Batlle a la Unión Panamericana --
-- Reseñas históricas de la constitución dominicana y sus reformas --
Información miscelánea Índice de nombres, materias y lugares.
650 #0 - PUNTO DE ACCESO ADICIONAL DE MATERIA--TÉRMINO DE MATERIA
Término de materia o nombre geográfico como elemento de entrada Ensayos dominicanos
9 (RLIN) 65
651 #4 - PUNTO DE ACCESO ADICIONAL DE MATERIA--NOMBRE GEOGRÁFICO
Nombre geográfico República Dominicana
Subdivisión general Historia
-- Ensayos, Conferencias, Etc.
9 (RLIN) 7095
651 #4 - PUNTO DE ACCESO ADICIONAL DE MATERIA--NOMBRE GEOGRÁFICO
Nombre geográfico República Dominicana
Subdivisión general Política Y Gobierno
-- Ensayos, Conferencias, Etc.
9 (RLIN) 1167
830 #0 - PUNTO DE ACCESO ADICIONAL DE SERIE-TÍTULO UNIFORME
Título uniforme Obras III
9 (RLIN) 70442
910 ## - DATOS DE OPCIÓN DEL USUARIO (OCLC)
Datos de opción del usuario Validado. Control de calidad EMS
Existencias
Estado de retiro Estado de pérdida No para préstamo Código de colección Localización permanente Ubicación/localización actual Ubicación en estantería Fecha de adquisición Número de inventario Total de préstamos Signatura topográfica completa Código de barras Fecha visto por última vez Precio válido a partir de Tipo de ítem Koha
    Excluido de préstamo Patrimonio Dominicano Patrimonio Dominicano Patrimonio Dominicano Depósito 13.02.2014 LF1   972.93 P349i 42953-10 25.06.2020 25.06.2020 Libro y Folleto Colección Patrimonio Dominicano

Con tecnología Koha